LEADER 00956nam a2200229 i 4500 001 000000170211 003 CaOOAMICUS 005 20080314000000.0 008 080314s1990 it u000 u ita u 013 $a147619 040 $aSeMil$bita 100 1 $aColombo, Riccardo.$0(OLS)http://semarc/name/63717 245 10$aItinerari artistici della Brianza :$bparte prima /$cRiccardo Colombo. 260 $aMonza :$b[s.n.],$c1990$e(Monza :$fTip. sociale,$g1990) 300 $a120 p. :$briccamente ill. ;$c24 cm. 500 $aA pič del front. : Supplemento a "Il cittadino". 650 4$aBrianza - Descrizioni e viaggi.$0(OLS)http://semarc/subject/20257 850 $aSeMil 852 $aSeMil$W1$xVenegono$y1$m4Y IV 177$j121107$B121107$CSeMilBibl$Z2$F132441 $81 961 $aOmaggio: Altro 996 $6245$aItinerari artistici della Brianza :$bparte prima$9(OLS)http://semarc/title/243435 996 $6260$aMonza :$b[s.n.]$9(OLS)http://semarc/publisher/42561 LEADER 01156nam a2200277 i 4500 001 000000174145 003 CaOOAMICUS 005 20240319100108.0 008 080930s2007 it u000 u ita u 020 $a978-88-8155-395-2 040 $aSeMil$bita 100 1 $aPellicciari, Angela <1948- >.$0(OLS)http://semarc/name/13795 245 12$aI papi e la massoneria /$cAngela Pellicciari ; Lettera Prefazione di mons. Luigi Negri. 264 1$aMilano :$bAres,$c2007. 300 $a318 p. ;$c20 cm. 490 1 $aFaretra : riflessioni su temi fondamentali ;$v56 650 4$aMassoneria e papato.$0(OLS)http://semarc/subject/3474 700 1 $aNegri, Luigi,$c.$0(OLS)http://semarc/name/10368 830 0$aFaretra ;$v56.$0(OLS)http://semarc/title/13588 850 $aSeMil 852 $aSeMil$W1$xVenegono$y1$m3A I 37$j124984$B124984$CSeMilBibl$Z2$F137875 $81 961 $aOmaggio: Altro 996 $6020$a978-88-8155-395-2$9(OLS)http://semarc/number/161986 996 $6245$aI papi e la massoneria$9(OLS)http://semarc/title/249594 996 $6264$aMilano :$bAres$9(OLS)http://semarc/publisher/30250